Socialistickými financiami za vyššiu efektívnosť ekonomiky

Bibliographic Details
Format: Book
Language:Slovak
PhysicalDescription:228 s. tab. 20 cm
Published: V Bratislave Vysoká škola ekonomická 1978
Edition:1. vyd.
Series:Vysokoškolské skriptá
Vysokoškolské skriptá Doplňujúce študijné materiály
Subjects:

MARC

LEADER 00000cam a2200000 a 4500
001 vtls001111729
003 SK-MaSNL
005 20260311131436.0
008 250313s1978 xo l d p 00000 slo
015 |a SNBA1978 
020 |q (brož.) 
035 |a SNK000054572 
035 |a urn:nbn:sk:snk-am3h4a9 
035 |a urn:nbn:sk:snk-am00cmtu 
035 |a AE5AD4EB-ADFF-4183-8C89-9BE37947FA90 
040 |a SNK  |b slo  |c SNK  |e AACR2 
041 0 |a slo 
043 |a e-cs--- 
044 |a xo  |c SK 
072 7 |a 336.1/.5  |x Verejné financie  |2 konspekt 
080 |a 336  |2 2001 
080 |a (075.8)  |2 2001 
080 |a 33  |2 2001 
080 |a 330.342.15  |2 2001 
080 |a (437)  |2 2001 
245 0 0 |a Socialistickými financiami za vyššiu efektívnosť ekonomiky  |c kolektív 
250 |a 1. vyd. 
260 |a V Bratislave  |b Vysoká škola ekonomická  |c 1978 
300 |a 228 s.  |b tab.  |c 20 cm 
366 |e 200 výtl. 
490 1 |a Vysokoškolské skriptá  |a Doplňujúce študijné materiály  |v č. 15/1978 
504 |a Bibliogr. odkazy. Zoz. autorov príspevkov 
521 |a Pre internú potrebu poslucháčov VŠE 
650 0 7 |a financie  |2 SNKPH  |9 2205 
650 0 7 |a ekonomika  |2 SNKPH  |9 789 
650 0 7 |a socializmus  |x ekonomické aspekty  |2 SNKPH  |9 334797 
651 7 |a Československo  |2 SNKPH  |9 21376 
655 7 |a učebnice vysokých škôl  |2 SNKPH  |9 70191 
830 0 |a Vysokoškolské skriptá  |9 276440 
830 0 |a Vysokoškolské skriptá  |p Doplňujúce študijné materiály  |9 501090 
852 |a Slovenská národná knižnica 
958 |a OND 
999 |c 774656  |d 776586 
952 |a SNK  |b SNK  |y VYP  |7 0  |p 17A0475381  |o snkSD 47702 D1  |i snkKSP 2106/78  |0 0  |1 0  |4 0  |d 2006-09-12  |l 0  |r 2026-02-24 00:46:06  |w 2026-02-24 
952 |a SNK  |b SNK  |y PREZ  |7 0  |p 17A0475390  |o snkSD 47702  |i snkKSP 2105/78  |0 0  |1 0  |4 0  |d 2006-09-12  |f 1  |l 0  |r 2026-02-24 00:46:06  |w 2026-02-24